[Event "Agzamov Memorial 06th"]
[Site "Tashkent"]
[Date "2012.03.11"]
[Round "6"]
[White "Tillyaev, Ulugbek"]
[Black "Egin, Vladimir"]
[Result "0-1"]
[WhiteElo "2214"]
[BlackElo "2412"]
[PlyCount "191"]
[EventDate "2012.03.06"]
[EventType "swiss"]
[EventRounds "9"]
[EventCountry "UZB"]
[SourceTitle "CBM 147 Extra"]
[Source "ChessBase"]
[SourceDate "2012.04.24"]
[SourceVersion "1"]
[SourceVersionDate "2012.04.24"]
[SourceQuality "1"]

1. d4 d5 2. c4 dxc4 3. Nf3 Nf6 4. e3 e6 5. Bxc4 c5 6. 0-0 a6 7. Qe2 b5 8. Bb3 Bb7 9. Rd1 Nbd7 10. Nc3 Qb6 11. d5 exd5 12. Nxd5 Bxd5 13. Bxd5 Nxd5 14. Rxd5 Be7 15. e4 Qb7 16. Bg5 Nb6 17. Rd2 0-0 18. Rad1 Rfe8 19. e5 f6 20. Bf4 Qc6 21. Qe1 Rad8 22. e6 Rxd2 23. Rxd2 Bf8 24. Re2 Nd5 25. Bg3 g6 26. h4 Ne7 27. h5 Nf5 28. hxg6 hxg6 29. Re4 Bd6 30. Bh4 g5 31. Bxg5 fxg5 32. Nxg5 Qd5 33. Rg4 Ng7 34. Qb1 Qf5 35. Qd1 Be7 36. Nh3 Qxe6 37. Nf4 Qe5 38. Qd7 Bf8 39. Ng6 Qe1+ 40. Kh2 Re7 41. Nxe7+ Qxe7 42. Qxe7 Bxe7 43. Rg6 a5 44. Ra6 Bd8 45. Ra8 Ne6 46. f4 Kf7 47. f5 Bc7+ 48. g3 Ng7 49. Ra7 Ne8 50. Rb7 b4 51. Rb5 Bd6 52. Kh3 a4 53. Ra5 Be5 54. Rxc5 Bxb2 55. Rc4 Bc3 56. a3 b3 57. Rxa4 b2 58. Ra7+ Kf6 59. Rb7 Kxf5 60. g4+ Kf4 61. Kh4 Nd6 62. Rb8 Nc4 63. a4 Nd2 64. a5 b1Q 65. Rxb1 Nxb1 66. a6 Bd4 67. Kh5 Nc3 68. g5 Kf5 69. Kh6 Nd5 70. g6 Ne7 71. g7 Kf6 72. Kh7 Kf7 73. Kh6 Bxg7+ 74. Kg5 Bd4 75. Kf4 Ke6 76. Ke4 Nc6 77. Kd3 Kd5 78. Ke2 Ke4 79. Kf1 Nb4 80. a7 Bxa7 81. Kg2 Kf4 82. Kh3 Nd3 83. Kg2 Bb8 84. Kh2 Kg4+ 85. Kg2 Bc7 86. Kh1 Kf3 87. Kg1 Nf2 88. Kf1 Bh2 89. Ke1 Ne4 90. Kf1 Nd2+ 91. Ke1 Ne4 92. Kf1 Nd2+ 93. Ke1 Ke3 94. Kd1 Kd3 95. Kc1 Nc4 96. Kd1 0-1

[Event "Agzamov Memorial 06th"]
[Site "Tashkent"]
[Date "2012.03.10"]
[Round "5"]
[White "Egin, Vladimir"]
[Black "Karimov, Ibragim"]
[Result "0-1"]
[WhiteElo "2412"]
[BlackElo "2324"]
[PlyCount "90"]
[EventDate "2012.03.06"]
[EventType "swiss"]
[EventRounds "9"]
[EventCountry "UZB"]
[SourceTitle "CBM 147 Extra"]
[Source "ChessBase"]
[SourceDate "2012.04.24"]
[SourceVersion "1"]
[SourceVersionDate "2012.04.24"]
[SourceQuality "1"]

1. e4 d6 2. d4 Nf6 3. Nc3 g6 4. Nf3 Bg7 5. Be2 0-0 6. 0-0 a6 7. Re1 Nc6 8. d5 Nb8 9. a4 c6 10. a5 Bg4 11. Nd2 Bxe2 12. Qxe2 Nbd7 13. Nc4 Rc8 14. Bd2 Re8 15. b3 cxd5 16. exd5 Nh5 17. Rab1 Qc7 18. Na4 Rcd8 19. Rbd1 e5 20. dxe6 Rxe6 21. Qf3 Ne5 22. Nxe5 dxe5 23. Bb4 Rxd1 24. Qxd1 h6 25. c4 Nf6 26. Nb6 e4 27. h3 Qe5 28. Nd5 Kh7 29. Bc3 Qf5 30. Bxf6 Bxf6 31. Nxf6+ Rxf6 32. Qd4 e3 33. Qxe3 Qxa5 34. Qe7 Kg7 35. Rd1 Qb6 36. c5 Re6 37. cxb6 Rxe7 38. Rd6 Re6 39. Rxe6 fxe6 40. f4 Kf6 41. Kf2 e5 42. Ke3 Ke6 43. g4 exf4+ 44. Kxf4 g5+ 45. Ke4 a5 0-1